000 00298nam a22001337a 4500
008 181005b xxu||||| |||| 00| 0 eng d
020 _a9780801308420
041 _aeng
080 _a370
100 _a47
101 _aEDU
245 _aReading Diagnosis For Teachers
_cBar.r
942 _2udc
_cBK
999 _c48921
_d48921